Chess Moves - Statistics

General Stats
  • This quiz has been taken 25 times
  • The average score is 8 of 10
Answer Stats
Answer % Correct
Blunder
100%
Great
95%
Mistake
95%
Good
90%
Brilliant
86%
Best
81%
Miss
81%
Excellent
71%
Book
62%
Inaccuracy
62%
No matching quizzes found
Score Distribution
Percent of People with Each Score
Percentile by Number Answered
Your Score History
You have not taken this quiz